1747 1951 1268 1383 1613 1114 1497 1633 1918 1457 1658 1394 1986 1809 1963 1807 1378 1180 1728 1865 1555 1640 1157 1978 1362 1035 1594 1169 1506 1481 1060 1177 1044 1084 1922 1112 1929 1528 1024 1161 1939 1406 1626 1112 1553 1599 1881 1052 1134 1698 1085 1532 1562 1099 1564 1973 1457 1035 1954 1213 1741 1120 1589 1548 1308 1779 1056 1407 1369 1205 1767 1436 1556 1306 1620 1016 1331 1984 1309 1642 1778 1010 1731 1454 1925 1033 1838 1916 1943 1904 1740 1924 1056 1991 1438 1983 1053 1050 1411 BCNSPRNW ULIB Ver.6.0+V

เปลี่ยนเป็นภาษาไทย

Change to English
 แสดงรายละเอียดบรรณานุกรม
  กลับหน้าหลัก

Brief Record : Get Marc (ISO 2709) : E-mail record : QR code < ปิดหน้าต่าง
LEADER : 00000nam 2200000uu 4500
001    13399121439
003     ULIB
008    111207s2549||||th 000 0 tha d
020    ^a9789749454978
020    9749454979
090    ^aนว.^bช543ว
100 0  ^aเนตรนภัส
245 00 ^aดวงตะวันแห่งรัก/^cเนตรนภัส
250    ^aพิมพ์ครั้งที่ 1
260    ^aกรุงเทพฯ :^bปริ๊นเซส,^c2549
300    ^a344 หน้า
710 1  ^aปริ๊นเซส
945    ^p190^l0^i24586
995    ^aทศพร
999 ^a ทศพร
รายการนี้ยังไม่มีแท็ก
คุณยังไม่ได้ล็อกอิน คุณสามารถมีกิจกรรมร่วมกับเว็บไซต์ได้ แต่ต้องล็อกอินก่อน ::
  ล็อกอิน

รายการสื่อสารสนเทศ

ลำดับที่ ประเภท เลขเรียก/บาร์โค้ด สถานที่ สถานะ
1. นวนิยาย
นวนิยาย
นว. ช543ว ฉ.1 
  Barcode: 24586
ห้องสมุดวิทยาเขตสวรรค์ประชารักษ์
►นวนิยาย
บนชั้น
  ขอยืม

BibComment


ยังไม่เคยถูกคอมเมนท์

คอมเมนท์ทรัพยากรรายการนี้
  คอมเมนท์: ดวงตะวันแห่งรัก ..


 Copyright 2026. Bcnsprnw @Library